| 000 | 00676nam a2200229Ia 4500 | ||
|---|---|---|---|
| 003 | OSt | ||
| 005 | 20220928130846.0 | ||
| 006 | a|||||r|||| 00| 0 | ||
| 007 | ta | ||
| 008 | 220927b |||||||| |||| 00| 0 eng d | ||
| 024 | _a46002 | ||
| 037 | _cTextual | ||
| 040 |
_aSDCL _cSDCL _beng |
||
| 041 |
_2eng _aeng |
||
| 082 | _aV247:72'E, P8 | ||
| 100 |
_aDeambi Bushan Kumar Kaul _9476390 |
||
| 245 | 0 |
_aSardara and takari alphabets _b origin and development. |
|
| 260 |
_aNew Delhi _bIndira Gandhi national centre for the arts |
||
| 300 |
_axxiii,175p. _ccm. |
||
| 942 |
_hV247:72'E, P8 _cTEXL _2CC |
||
| 999 |
_c788870 _d788870 |
||